000 00299nam a22001337a 4500
008 171020b xxu||||| |||| 00| 0 eng d
020 _a0256032993
041 _aeng
080 _a338
100 _a54
101 _aMIS
245 _aINFORMATION SYSTEM IPMLENTATION
_cSWANSON,E.B
942 _2udc
_cBK
999 _c35094
_d35094